Manuel de l'hispanisant / (Record no. 64812)

MARC details
000 -LEADER
campo de control de longitud fija 01005nam a2200265 i 4500
001 - NÚMERO DE CONTROL
campo de control 64812
003 - IDENTIFICADOR DE NÚMERO DE CONTROL
campo de control ES-MaACL
005 - FECHA Y HORA DE LA ÚLTIMA TRANSACCIÓN
campo de control 20251015063103.0
007 - CAMPO FIJO DE DESCRIPCIÓN FÍSICA--INFORMACIÓN GENERAL
campo de control de longitud fija t|
008 - DATOS DE LONGITUD FIJA--INFORMACIÓN GENERAL
campo de control de longitud fija 040105s1920 fr ||||1| fre d
080 ## - NÚMERO DE LA CLASIFICACIÓN DECIMAL UNIVERSAL
Número de la Clasificación Decimal Universal 011(46)
100 1# - ENTRADA PRINCIPAL--NOMBRE DE PERSONA
Nombre de persona Foulché-Delbosc, Raymond,
Fechas asociadas al nombre 1864-1929
9 (RLIN) 51941
245 10 - MENCIÓN DEL TÍTULO
Título Manuel de l'hispanisant /
Mención de responsabilidad, etc. R. Foulche-Delbosc et L. Barrau-Dihigo.
260 ## - PUBLICACIÓN, DISTRIBUCIÓN, ETC.
Lugar de publicación, distribución, etc. New York :
Nombre del editor, distribuidor, etc. G.P. Putnam's Sons,
Fecha de publicación, distribución, etc. 1920.
300 ## - DESCRIPCIÓN FÍSICA
Extensión 2 v. (533, 446 p.) ;
Dimensiones 23 cm.
530 ## - NOTA DISPONIBLE DE FORMULARIO FÍSICO ADICIONAL
Nota de formato físico adicional disponible Disponible en formato digital.
596 ## - NOTA AL PIE DE IMPRENTA
NOTA AL PIE DE IMPRENTA Vol. 2 editado por The Hispanic Society of America.
651 #4 - PUNTO DE ACCESO ADICIONAL DE MATERIA--NOMBRE GEOGRÁFICO
Nombre geográfico España-
Subdivisión de forma Bibliografías.
9 (RLIN) 149031
651 #4 - PUNTO DE ACCESO ADICIONAL DE MATERIA--NOMBRE GEOGRÁFICO
Nombre geográfico Portugal-
Subdivisión general Bibliografías.
9 (RLIN) 9248
700 1# - ENTRADA AGREGADA--NOMBRE PERSONAL
Nombre de persona Barrau-Dihigo, Louis (
Fechas asociadas al nombre 1876-1931)
9 (RLIN) 162026
852 ## - LOCALIZACIÓN
Ubicación ES-MaACL
Número de control de estantería R-2777-78
Encuadernación Olim: A-734-5
Ubicación en estantería Depósito 2
Nota libre Revisado enlace: 21 de julio de 2025
856 4# - LOCALIZACIÓN Y ACCESO ELECTRÓNICOS
Identificador Uniforme de Recursos <a href="http://bdh-rd.bne.es/viewer.vm?id=0000192533&page=1 ">http://bdh-rd.bne.es/viewer.vm?id=0000192533&page=1 </a>
Texto de enlace Biblioteca Digital Hispánica
942 ## - ELEMENTOS DE ENTRADA SECUNDARIOS (KOHA)
Fuente del sistema de clasificación o colocación Clasificación decimal universal
Holdings
Estatus retirado Estado de pérdida Estado de daño No para préstamo Colección Biblioteca de origen Biblioteca actual Ubicación en estantería Fecha de adquisición Fuente de adquisición Total de préstamos Signatura topográfica completa Código de barras Visto por última vez Precio de reemplazo Tipo de ítem Koha
        Colección digital Biblioteca del Ateneo de Madrid Biblioteca del Ateneo de Madrid Depósito 17/01/2008     R-2777-78 1067908 23/02/2023 23/02/2023 Libro impreso